| 000 | 00439nam a2200133 a 4500 | ||
|---|---|---|---|
| 008 | 120416s1974 ||||||||||||||||| || u | ||
| 050 | _aPR 6063.A656C63 | ||
| 100 | _aAcland, Alice | ||
| 245 | 1 | 4 | _aThe Corsican ladies |
| 260 |
_aLondon _bPeter Davies _c1974 |
||
| 300 | _avi, 184p. | ||
| 350 | _a0.00 | ||
| 995 |
_D0.00 _FCBU-MAIN LIBRARY (Kitwe) _H1 _I0.00 _M1 _UAVAILABLE _ZFiction Collection |
||
| 999 |
_c38948 _d38948 |
||